Statistiken für Deutschland-Quiz

Klicken Sie hier um das Quiz zu spielen!

Allgemein

  • Dieses Quiz wurde 22.954 mal gespielt
  • Das Durchschnittsergebnis liegt bei 17 aus 20

Antwortstatistiken

HinweisAntwort% Korrekt
HauptstadtBerlin
100%
Währung vor dem EuroDeutsche Mark
98%
München ist die Hauptstadt dieses BundeslandesBayern
97%
Münchens größtes Volksfest (Hinweis: Bier)Oktoberfest
96%
Längste Flüsse nach Länge innerhalb DeutschlandsRhein
95%
Tier, das auf dem Staatswappen erscheintBundesadler
94%
Längste Flüsse nach Länge innerhalb DeutschlandsDonau
92%
Brüder, welche Märchen sammelten und Werke wie Hänsel und Gretel,
Aschenputtel
, oder Schneewittchen berühmt machten
Brüder Grimm
91%
Bezeichnung des Regierungschefs, dem politisch mächtigsten AmtsträgerBundes{kanzler}
90%
Größte deutsche FluggesellschaftLufthansa
90%
Höchste Fußball-LigaBundesliga
89%
Meistvertretene ausländische Nationalität in DeutschlandTürkei
89%
Name des deutschen ParlamentsBundestag
86%
Hauptstadt der Bundesrepublik von 1949 bis 1990Bonn
85%
Höchste Erhebung DeutschlandsZugspitze
84%
Wichtigster FinanzplatzFrankfurt am Main
83%
Dieser Reformator nagelte 95 Thesen an die Tür der Wittenberger SchlosskircheMartin Luther
83%
Längste Flüsse nach Länge innerhalb DeutschlandsElbe
80%
Ehemaliger deutscher Staat, der von Friedrich II. (der Große) regiert wurde
und für seine Reformen des 19. Jahrhunderts bekannt ist
Preußen
65%
"Eiserner" erster Reichskanzler DeutschlandsOtto von Bismarck
60%

Verteilung der Resultate

Perzentil nach korrekt beantworteten Fragen

Anzahl Personen mit jedem Resultat

Ihre Resultats-Entwicklung

Sie haben dieses Quiz noch nicht gespielt